Cinema (Record no. 121705)

MARC details
000 -LEADER
campo de control de longitud fija 00646nam a2200205 i 4500
001 - NÚMERO DE CONTROL
campo de control 121705
003 - IDENTIFICADOR DE NÚMERO DE CONTROL
campo de control ES-MaACL
005 - FECHA Y HORA DE LA ÚLTIMA TRANSACCIÓN
campo de control 20260129173917.0
007 - CAMPO FIJO DE DESCRIPCIÓN FÍSICA--INFORMACIÓN GENERAL
campo de control de longitud fija t|
008 - DATOS DE LONGITUD FIJA--INFORMACIÓN GENERAL
campo de control de longitud fija 070214s1962 sp r ||||1| cat d
100 1# - ENTRADA PRINCIPAL--NOMBRE DE PERSONA
Nombre de persona Porter i Moix, Miquel.
9 (RLIN) 93234
245 10 - MENCIÓN DEL TÍTULO
Título Cinema
Resto del título : final de trajecte i començament d'utopia /
Mención de responsabilidad, etc. Miquel Porter i Moix.
260 ## - PUBLICACIÓN, DISTRIBUCIÓN, ETC.
Lugar de publicación, distribución, etc. Barcelona :
Nombre del editor, distribuidor, etc. Rafael Dalmau,
Fecha de publicación, distribución, etc. 1962.
300 ## - DESCRIPCIÓN FÍSICA
Extensión 93 p. ;
Dimensiones 19 cm.
490 1# - MENCIÓN DE SERIE
Mención de serie Panorama actual de les idees ;
Designación de volumen o secuencia 15-16
650 07 - PUNTO DE ACCESO ADICIONAL DE MATERIA--TÉRMINO DE MATERIA
Término de materia o nombre geográfico como elemento de entrada Cine
Fuente del encabezamiento o término embne
9 (RLIN) 11010
830 1# - PUNTO DE ACCESO ADICIONAL DE SERIE-TÍTULO UNIFORME
Título uniforme Panorama actual de les idees
Designación de volumen o secuencia 15-16
9 (RLIN) 180987
852 ## - LOCALIZACIÓN
Ubicación ES-MaACL
Número de control de estantería C-21789
Holdings
Estatus retirado Estado de pérdida Estado de daño No para préstamo Biblioteca de origen Biblioteca actual Ubicación en estantería Fecha de adquisición Fuente de adquisición Total de préstamos Signatura topográfica completa Código de barras Visto por última vez Precio de reemplazo Tipo de ítem Koha
        Biblioteca del Ateneo de Madrid Biblioteca del Ateneo de Madrid Galería 17/01/2008     C-21789 1126830 23/02/2023 23/02/2023 Libro impreso